Normal view MARC view
  • ILLINGWORTH , J.R

Entry Personal Name

Number of records used in: 1

001 - CONTROL NUMBER

  • control field: 133436

003 - CONTROL NUMBER IDENTIFIER

  • control field: NUST

005 - DATE AND TIME OF LATEST TRANSACTION

  • control field: 20260224131838.0

008 - FIXED-LENGTH DATA ELEMENTS

  • fixed length control field: 260224|| aca||aabn | a|a d

040 ## - CATALOGING SOURCE

  • Original cataloging agency: NUST
  • Transcribing agency: NUST

100 ## - HEADING--PERSONAL NAME

  • Personal name: ILLINGWORTH , J.R

670 ## - SOURCE DATA FOUND

  • Source citation: Work cat.: (NUST): ILLINGWORTH , J.R ., Construction Methods and Planning /, 2000.
© 2023 Central Library, National University of Sciences and Technology. All Rights Reserved.